| 000 | 00391nam a22001577a 4500 | ||
|---|---|---|---|
| 999 |
_c10445 _d10445 |
||
| 003 | OSt | ||
| 008 | 210210b ||||| |||| 00| 0 eng d | ||
| 020 | _a9788180547331 | ||
| 100 | _aGupta, RL and Gupta, VK | ||
| 245 | _aFinancial Accounting Vol.2 | ||
| 250 | _a8th Ed and Reprint 2020 | ||
| 260 |
_aNew Delhi _bSultan Chand _c2020 |
||
| 300 | _aMISC | ||
| 650 | _aB.Com | ||
| 942 |
_2ddc _cBK |
||